000 00631nam a2200229Ia 4500
003 OSt
005 20220924132639.0
006 a|||||r|||| 00| 0
007 ta
008 220923b |||||||| |||| 00| 0 san d
024 _a75509
037 _cTextual
040 _aARTS
_cARTS
_bsan
041 _2san
_asan
082 _aR66xJ80:1, 15G2
100 _aSadananda
245 0 _aAdvaita-brahma-siddhi rev by Gurucharan Tarka-Darshanatirtha and Panchanan Tarkavagish
260 _c1932
650 _aADVAITA PHILOSOPHY
_9790
942 _hR66xJ80:1, 15G2
_cTEXL
_2CC
999 _c430989
_d430989